Statistics for Top 10 Countries with the Most Rabbits

Click here to take the quiz!

General Stats

  • This quiz has been taken 819 times
  • The average score is 3 of 10

Answer Stats

# RabbitsCountry% Correct
235 milChina
93%
8.35 milFrance
60%
73.2 milItaly
56%
78 milKazakhstan
26%
8.05 milEgypt
25%
195 milUzbekistan
22%
68.4 milTajikistan
12%
32.5 milNorth Korea
9%
27.11 milArmenia
6%
6 milCzech Republic
5%

Score Distribution

Percentile by Number Answered

Percent of People with Each Score

Your Score History

You have not taken this quiz